000 00822nam a2200241 i 4500
001 184041
003 ES-MaACL
005 20251014063258.0
008 150224s2012 sp | |||| ||spa d
020 _a978-84-08-00719-7
080 _a821.134.3(81)-31"19"
100 1 _aCoelho, Paulo,
_d1947-
_9156439
245 1 0 _aA orillas del río Piedra me senté y lloré /
_cPaulo Coelho ; traducción de Alfonso Indecona.
250 _a1ª ed. en esta presentación en Colección Booket.
260 _aBarcelona :
_bPlaneta,
_c2012.
300 _a210 p. ;
_c18 cm.
490 1 _aBiblioteca Paulo Coelho
700 1 _aIndecona, Alfonso.
_9156440
830 0 _aBiblioteca Paulo Coelho
_9225032
852 _aES-MaACL
_jA-13425
_9191007
_bR.150243
_cDEPO1
_dOlim: N-6425
942 _2udc
999 _c184041
_d184041